[Event "Paris-ch op-A"]
[Site "Paris"]
[Date "2010.07.05"]
[Round "3"]
[White "Kuhar, Carl"]
[Black "Ricoul, Christian"]
[Result "1-0"]
[WhiteElo "1865"]
[BlackElo "1919"]
[PlyCount "97"]
[EventDate "2010.07.03"]
[EventType "swiss"]
[EventRounds "9"]
[EventCountry "FRA"]
[SourceTitle "CBM 137 Extra"]
[Source "ChessBase"]
[SourceDate "2010.09.01"]
[SourceVersion "1"]
[SourceVersionDate "2010.09.01"]
[SourceQuality "1"]

1. e4 d6 2. d4 Nf6 3. Nc3 g6 4. Bc4 Bg7 5. Nge2 c6 6. Bf4 0-0 7. Qd2 b5 8. Bd3 Nh5 9. Bh6 e5 10. Bxg7 Kxg7 11. 0-0-0 Qa5 12. f3 Na6 13. g4 Nf6 14. h4 b4 15. Nb1 h5 16. Rdg1 Be6 17. gxh5 Nxh5 18. Ng3 Nxg3 19. Rxg3 Rh8 20. f4 exf4 21. Qxf4 b3 22. axb3 Nb4 23. e5 dxe5 24. dxe5 Nxd3+ 25. Rxd3 Rh5 26. Qf6+ Kh7 27. Rd6 Qxe5 28. Qxe5 Rxe5 29. c4 Rb8 30. Nd2 Rb6 31. Nf3 Ra5 32. Kc2 Bf5+ 33. Kc3 Kg7 34. Nd4 Be4 35. Re1 Bf5 36. b4 Raa6 37. Re5 Bg4 38. Ra5 c5 39. Rxa6 cxd4+ 40. Kxd4 Rxb4 41. Kc3 Rb7 42. b4 Kh6 43. Rd8 Rc7 44. c5 Be2 45. Ra2 Bb5 46. Kd4 Kh5 47. Rg2 Kh6 48. Ke5 Re7+ 49. Kf6 1-0